<?xml version="1.0" encoding="UTF-8"?>
<record
    xmlns:xsi="http://www.w3.org/2001/XMLSchema-instance"
    xsi:schemaLocation="http://www.loc.gov/MARC21/slim http://www.loc.gov/standards/marcxml/schema/MARC21slim.xsd"
    xmlns="http://www.loc.gov/MARC21/slim">

  <leader>00563nam a22002057a 4500</leader>
  <controlfield tag="003">OSt</controlfield>
  <controlfield tag="005">20260514132532.0</controlfield>
  <controlfield tag="008">260514b        |||||||| |||| 00| 0 eng d</controlfield>
  <datafield tag="040" ind1=" " ind2=" ">
    <subfield code="c">HS LRC</subfield>
  </datafield>
  <datafield tag="050" ind1=" " ind2=" ">
    <subfield code="a">HD 31.2</subfield>
    <subfield code="b">.Z36 2023</subfield>
  </datafield>
  <datafield tag="100" ind1=" " ind2=" ">
    <subfield code="a">Zarate, Cynthia A. </subfield>
    <subfield code="9">45286</subfield>
  </datafield>
  <datafield tag="245" ind1=" " ind2=" ">
    <subfield code="a">Organization and Management /</subfield>
    <subfield code="c">Cynthia A. Zarate</subfield>
  </datafield>
  <datafield tag="250" ind1=" " ind2=" ">
    <subfield code="a">2nd ed.</subfield>
  </datafield>
  <datafield tag="260" ind1=" " ind2=" ">
    <subfield code="a">Quezon City :</subfield>
    <subfield code="b">C&amp;E Publishing,</subfield>
    <subfield code="c">c2023.</subfield>
  </datafield>
  <datafield tag="300" ind1=" " ind2=" ">
    <subfield code="a">vii, 366 p. :</subfield>
    <subfield code="b">ill. ;</subfield>
    <subfield code="c">27 cm. </subfield>
  </datafield>
  <datafield tag="365" ind1=" " ind2=" ">
    <subfield code="b">535.00</subfield>
  </datafield>
  <datafield tag="504" ind1=" " ind2=" ">
    <subfield code="a">includes index. </subfield>
  </datafield>
  <datafield tag="650" ind1=" " ind2=" ">
    <subfield code="a">Organization. </subfield>
    <subfield code="9">21245</subfield>
  </datafield>
  <datafield tag="942" ind1=" " ind2=" ">
    <subfield code="2">lcc</subfield>
    <subfield code="c">BK</subfield>
  </datafield>
  <datafield tag="952" ind1=" " ind2=" ">
    <subfield code="0">0</subfield>
    <subfield code="1">0</subfield>
    <subfield code="2">lcc</subfield>
    <subfield code="4">0</subfield>
    <subfield code="7">0</subfield>
    <subfield code="8">FRC</subfield>
    <subfield code="a">DLSU-D HS</subfield>
    <subfield code="b">DLSU-D HS</subfield>
    <subfield code="c">FC</subfield>
    <subfield code="d">2025-06-24</subfield>
    <subfield code="e">HS LRC SY 2024-2025</subfield>
    <subfield code="g">535.00</subfield>
    <subfield code="i">CIR-002603</subfield>
    <subfield code="l">0</subfield>
    <subfield code="o">FC HD 31.2 .Z36 2023</subfield>
    <subfield code="p">3HS00000002603</subfield>
    <subfield code="r">2026-05-14 13:27:35</subfield>
    <subfield code="t">002603</subfield>
    <subfield code="v">535.00</subfield>
    <subfield code="w">2026-05-14</subfield>
    <subfield code="y">BK</subfield>
  </datafield>
  <datafield tag="999" ind1=" " ind2=" ">
    <subfield code="c">94157</subfield>
    <subfield code="d">94157</subfield>
  </datafield>
</record>
